Introducció al Règim Jurídic de la Valorització dels Residus Municipals (Registro nro. 158812)
[ vista simple ]
| 000 -LEADER | |
|---|---|
| fixed length control field | 01240ny a22002893n 4500 |
| 008 - FIXED-LENGTH DATA ELEMENTS--GENERAL INFORMATION | |
| fixed length control field | 080616s2003 sp s 000 0 spa c |
| 020 ## - INTERNATIONAL STANDARD BOOK NUMBER | |
| International Standard Book Number | 849566528X |
| 035 ## - | |
| -- | 708 |
| 040 ## - CATALOGING SOURCE | |
| Original cataloging agency | UMA.RE |
| Modifying agency | vLex |
| 080 ## - | |
| -- | 628.4(4-672 UE)(0.034) |
| 080 ## - | |
| -- | 628.4(460)(0.034) |
| 080 ## - | |
| -- | 628.4(460.23)(0.034) |
| 090 ## - | |
| -- | 280 |
| -- | 280 |
| 100 1# - MAIN ENTRY--PERSONAL NAME | |
| Personal name | Renyer Alimbau, Jaume |
| 245 10 - TITLE STATEMENT | |
| Title | Introducció al Règim Jurídic de la Valorització dels Residus Municipals |
| Medium | [Recurso electrónico] |
| Statement of responsibility, etc | Jaume Renyer i Alimbau, Josep María Sabaté Vidal |
| 256 ## - | |
| -- | Servicio en línea |
| 260 ## - PUBLICATION, DISTRIBUTION, ETC. (IMPRINT) | |
| Place of publication, distribution, etc | Barcelona : |
| Name of publisher, distributor, etc | Cedecs, |
| Date of publication, distribution, etc | 2003 |
| 506 1# - RESTRICTIONS ON ACCESS NOTE | |
| Terms governing access | Contenido solo disponible en los productos indicados |
| Authorized users | vLex Global |
| -- | vLex Global (Academic Edition, excluding Law Schools) |
| -- | vLex Global (U.S. Academic Edition, Law Schools) |
| -- | vLex Global (U.S. Academic Edition, excluding Law Schools) |
| -- | vLex Global (Academic Edition, Law Schools) |
| 650 04 - SUBJECT ADDED ENTRY--TOPICAL TERM | |
| Topical term or geographic name as entry element | Administrativo |
| Source of heading or term | Tesauro vLex |
| 650 04 - SUBJECT ADDED ENTRY--TOPICAL TERM | |
| Topical term or geographic name as entry element | Actividad administrativa |
| Source of heading or term | Tesauro vLex |
| 650 04 - SUBJECT ADDED ENTRY--TOPICAL TERM | |
| Topical term or geographic name as entry element | Acto administrativo |
| Source of heading or term | Tesauro vLex |
| 700 1# - ADDED ENTRY--PERSONAL NAME | |
| Personal name | Sabatè Vidal, Josep Maria |
| 740 0# - | |
| -- | vLex Libros (Servicios en línea) |
| 856 40 - LOCALIZACIÓN Y ACCESO ELECTRÓNICO | |
| Identificador Uniforme del Recurso (URI/URL) | https://app.vlex.com/#/sources/708 |
| 942 ## - | |
| -- | RAA |
| 999 ## - | |
| -- | 158812 |
| -- | 158812 |
No hay ítems disponibles.